[Event "AUTO-MASTER-3282"]
[Site "http://www.queenalice.com/game.php?id=1863326"]
[Date "2025.9.24"]
[Round "1"]
[White "CCapivara"]
[Black "Capixaba789"]
[Result "1-0"]
[WhiteElo "2274"]
[BlackElo "1967"]

1. e4 e5 2. Nf3 d6 3. Bc4 Be7 4. O-O Nf6 5. d3 O-O 6. h3 Be6 7. Nbd2 c5 8. c3
Bxc4 9. Nxc4 Nc6 10. Bg5 b5 11. Ne3 a5 12. Nh4 b4 13. Nhf5 Re8 14. Qf3 Bf8 15.
Nd5 Re6 16. Nh6+ gxh6 17. Bxf6 Rxf6 18. Nxf6+ Kh8 19. Qf5 1-0

[Event "AUTO-MASTER-3282"]
[Site "http://www.queenalice.com/game.php?id=1863339"]
[Date "2025.9.24"]
[Round "1"]
[White "CCapivara"]
[Black "chessman"]
[Result "1-0"]
[WhiteElo "2301"]
[BlackElo "2033"]

1. e4 e6 2. d4 d5 3. exd5 exd5 4. Nf3 Nf6 5. Bd3 Be7 6. O-O O-O 7. Bg5 c6 8.
Nbd2 Re8 9. Re1 Nbd7 10. Ne5 a6 11. Re3 Nxe5 12. Rxe5 Be6 13. Qe2 h6 14. Bh4 Qd7
15. Re1 Rac8 16. c3 c5 17. Bb1 cxd4 18. cxd4 Rc7 19. Qd3 Rec8 20. Nb3 g6 21.
Rxe6 Qxe6 22. Rxe6 fxe6 23. Qxg6+ 1-0

[Event "AUTO-MASTER-3282"]
[Site "http://www.queenalice.com/game.php?id=1863340"]
[Date "2025.9.24"]
[Round "1"]
[White "chessman"]
[Black "CCapivara"]
[Result "0-1"]
[WhiteElo "2026"]
[BlackElo "2305"]

1. e4 d6 2. d4 Nf6 3. Bd3 e5 4. dxe5 dxe5 5. Bb5+ Bd7 6. Bxd7+ Nbxd7 7. Qe2 Be7
8. Nf3 O-O 9. Nc3 Bb4 10. Bd2 c6 11. a3 Ba5 12. O-O Qe7 13. b4 Bb6 14. h3 Rad8
15. Rad1 Rfe8 16. Na4 Nf8 17. c4 Ng6 18. Nxb6 axb6 19. Bc1 h6 20. g4 Qe6 21. Kg2
Nxg4 22. hxg4 Qxg4+ 23. Kh2 Nh4 0-1

[Event "AUTO-OPEN-4592"]
[Site "http://www.queenalice.com/game.php?id=1864115"]
[Date "2025.10.11"]
[Round "3"]
[White "WoodpusherKid"]
[Black "CCapivara"]
[Result "1-0"]
[WhiteElo "2524"]
[BlackElo "2329"]

1. c4 e5 2. g3 d6 3. Bg2 c6 4. Nc3 f5 5. d3 Nf6 6. Nf3 Be7 7. b4 O-O 8. O-O Kh8
9. a4 Be6 10. b5 Bg8 11. Bh3 e4 12. Nd4 g6 13. dxe4 fxe4 14. Bb2 d5 15. cxd5
cxd5 16. Ne6 Bxe6 17. Bxe6 Qd6 18. Bxd5 Nbd7 19. Bxb7 Rab8 20. Bxe4 Qxd1 21.
Rfxd1 Kg8 22. Nd5 Nxe4 23. Nxe7+ Kf7 24. Rxd7 Ke6 25. Rxa7 Nxf2 26. Rf1 Nh3+ 27.
Kg2 Rxf1 28. Kxf1 g5 29. e4 g4 30. Nf5 1-0

[Event "AUTO-OPEN-4592"]
[Site "http://www.queenalice.com/game.php?id=1864116"]
[Date "2025.10.11"]
[Round "3"]
[White "CCapivara"]
[Black "WoodpusherKid"]
[Result "1/2-1/2"]
[WhiteElo "2300"]
[BlackElo "2543"]

1. e4 e5 2. Nf3 Nc6 3. Bb5 Nf6 4. d3 Bc5 5. O-O Nd4 6. Bc4 d6 7. c3 Nxf3+ 8.
Qxf3 O-O 9. Bg5 h6 10. Bxf6 Qxf6 11. Qxf6 gxf6 12. Nd2 a5 13. a4 Kg7 14. Kh1 h5
15. f4 Be3 16. Nf3 Bxf4 17. Nh4 Bg5 18. Nf5+ Bxf5 19. Rxf5 h4 20. Raf1 c6 21. h3
d5 22. exd5 Rfd8 23. dxc6 bxc6 24. b3 c5 25. Kg1 Rd7 26. Bb5 Rd6 27. Bc4 Be3+
28. Kh1 Bd2 29. Rd1 Bxc3 30. Rh5 Rd4 31. Rf1 Bd2 32. Rhf5 Rf4 33. R5xf4 exf4 34.
Rd1 Be3 35. Rf1 Re8 36. Re1 Rb8 37. Re2 Rg8 38. Kh2 Kg6 39. Bb5 f5 40. Bc4 Re8
41. Kh1 Rb8 42. Kh2 Re8 43. Kh1 Re7 44. Bb5 Re6 45. Bc4 Re8 1/2-1/2

[Event "AUTO-OPEN-4589"]
[Site "http://www.queenalice.com/game.php?id=1864311"]
[Date "2025.10.15"]
[Round "2"]
[White "JailtonMaster"]
[Black "CCapivara"]
[Result "1-0"]
[WhiteElo "2183"]
[BlackElo "2302"]

1. d4 d6 2. c4 Nf6 3. Nc3 c6 4. Nf3 Bg4 5. e3 Nbd7 6. h3 Bh5 7. Bd3 e5 8. dxe5
dxe5 9. Be2 Bb4 10. Qc2 O-O 11. O-O Qe7 12. a3 Ba5 13. b4 Bc7 14. Bb2 Rad8 15.
Rad1 Rfe8 16. Rd2 Nf8 17. Rfd1 Rxd2 18. Rxd2 Rd8 19. Rxd8 Qxd8 20. Nd2 Bg6 21.
Qc1 Ne6 22. f3 Nh5 23. Nf1 Qg5 24. Nd1 e4 25. Nf2 exf3 26. Bxf3 Ng3 27. Nxg3
Qxg3 28. Qc3 f6 29. Ng4 h5 30. Nxf6+ Kf7 31. Nxh5 Bxh5 32. Bxh5+ g6 33. Qf6+ Kg8
34. Qxe6+ Kh7 35. Bxg6+ Qxg6 36. Qxg6+ Kxg6 37. Kf2 Kf5 38. Kf3 Bd6 39. Bd4 a6
40. e4+ Ke6 41. g4 Be7 42. Kf4 1-0

[Event "AUTO-OPEN-4589"]
[Site "http://www.queenalice.com/game.php?id=1864312"]
[Date "2025.10.15"]
[Round "2"]
[White "CCapivara"]
[Black "JailtonMaster"]
[Result "0-1"]
[WhiteElo "2323"]
[BlackElo "2203"]

1. e4 e5 2. Nf3 Nc6 3. Bb5 a6 4. Bxc6 dxc6 5. O-O Bd6 6. d3 Nf6 7. Bg5 O-O 8.
Nbd2 h6 9. Bh4 Be6 10. h3 c5 11. b3 b5 12. a4 Rb8 13. axb5 axb5 14. Nh2 Be7 15.
f4 exf4 16. Bxf6 Bxf6 17. Ra6 Ra8 18. Rxa8 Qd4+ 19. Kh1 Rxa8 20. Rxf4 Ra1 21.
Nb1 c4 22. bxc4 bxc4 23. Rf1 c3 24. Ng4 Bg5 25. Qe1 Ba2 26. Qg3 Rxb1 27. Rxb1
Bxb1 28. Qxc7 Bxc2 29. Qc8+ Bd8 30. Ne5 Ba4 31. Qf5 Bb3 32. Qc8 c2 0-1

[Event "AUTO-OPEN-4594"]
[Site "http://www.queenalice.com/game.php?id=1864412"]
[Date "2025.10.17"]
[Round "2"]
[White "WoodpusherKid"]
[Black "CCapivara"]
[Result "1-0"]
[WhiteElo "2539"]
[BlackElo "2307"]

1. c4 e5 2. g3 f5 3. d4 e4 4. Nc3 Nf6 5. Bg5 Be7 6. Bg2 O-O 7. Nh3 c6 8. O-O Kh8
9. Nf4 Ng4 10. f3 Ne3 11. Ng6+ hxg6 12. Bxe3 exf3 13. exf3 d6 14. Re1 Bf6 15.
Qd2 Na6 16. d5 c5 17. h4 Bd7 18. Bf1 Nc7 19. Bf4 Be8 20. Bd3 a6 21. a4 b5 22.
axb5 Bxc3 23. Qxc3 axb5 24. Rxa8 Qxa8 25. Bxd6 Rf7 26. Qe5 bxc4 27. Bxc4 Bb5 28.
Bxb5 Nxb5 29. Qe8+ Qxe8 30. Rxe8+ Kh7 31. Bxc5 Rd7 32. Rb8 Nd6 33. Bxd6 Rxd6 34.
Rb5 Kg8 35. b4 Kf7 36. Rc5 Rd7 37. Kf1 Ke7 38. Ke2 Rb7 39. Rc6 Kf7 40. Rc4 Ke7
41. Kd3 Kd6 42. Kd4 f4 43. gxf4 Rf7 44. Rc6+ Kd7 45. Ke5 1-0

[Event "AUTO-OPEN-4594"]
[Site "http://www.queenalice.com/game.php?id=1864413"]
[Date "2025.10.17"]
[Round "2"]
[White "CCapivara"]
[Black "WoodpusherKid"]
[Result "0-1"]
[WhiteElo "2305"]
[BlackElo "2539"]

1. e4 e5 2. Nf3 Nc6 3. Bb5 Nf6 4. d3 Bc5 5. O-O Nd4 6. Bc4 d6 7. c3 Nxf3+ 8.
Qxf3 a5 9. Bg5 O-O 10. Nd2 h6 11. Bxf6 Qxf6 12. Qxf6 gxf6 13. h3 c6 14. a3 b5
15. Ba2 f5 16. Kh2 Kg7 17. Nf3 fxe4 18. dxe4 f5 19. exf5 Bxf5 20. Nh4 Bd3 21.
Rfd1 e4 22. f3 d5 23. Bb1 Bd6+ 24. g3 Be2 25. Re1 Bxf3 26. Nxf3 Rxf3 27. Rg1
Rf2+ 28. Kh1 Raf8 29. b4 a4 0-1

[Event "AUTO-OPEN-4603"]
[Site "http://www.queenalice.com/game.php?id=1864701"]
[Date "2025.10.24"]
[Round "2"]
[White "IranSilva"]
[Black "CCapivara"]
[Result "1-0"]
[WhiteElo "2236"]
[BlackElo "2288"]

1. Nf3 d5 2. d4 Nf6 3. Bf4 e6 4. e3 Bd6 5. Bd3 O-O 6. Bxd6 Qxd6 7. O-O c5 8.
dxc5 Qxc5 9. Nc3 a6 10. a4 Nc6 11. Qd2 Bd7 12. b3 Rac8 13. Ne2 Nb4 14. Rac1 Rfe8
15. Ng3 e5 16. Bf5 Bxf5 17. Nxf5 Ne4 18. Qd1 Na2 19. Ra1 Qxc2 20. Qxd5 Nac3 21.
Qxb7 Rc7 22. Qxa6 Ne2+ 23. Kh1 g6 24. Nh6+ Kg7 25. Ng4 f6 26. Qb5 Ree7 27. Ne1
Qb2 28. Nd3 Qc3 29. Rae1 Nd2 30. h4 Nxf1 31. Rxf1 h5 32. Nh2 Red7 33. Nxe5 Qxe5
34. Qxe2 Qe4 35. Nf3 Rc2 36. Qb5 Rb7 37. Qa6 Rxb3 38. Rd1 Rxf2 39. Rd7+ Kh6 40.
Qxf6 Rb1+ 41. Kh2 Rxg2+ 42. Kxg2 Qg4+ 43. Kh2 Qxd7 44. Qh8+ Qh7 45. Qf8+ Qg7 46.
Qf4+ Kh7 47. Ng5+ Kh8 48. Nf7+ Kg8 49. Ne5 Rb2+ 50. Kg3 Kh7 51. Nf3 Rb7 52. Ng5+
Kg8 53. Qc4+ Kf8 54. Ne6+ 1-0

[Event "AUTO-OPEN-4593"]
[Site "http://www.queenalice.com/game.php?id=1865133"]
[Date "2025.11.4"]
[Round "2"]
[White "CCapivara"]
[Black "WoodpusherKid"]
[Result "0-1"]
[WhiteElo "2288"]
[BlackElo "2552"]

1. e4 e5 2. Nf3 Nc6 3. Bb5 Nf6 4. d3 Bc5 5. O-O Nd4 6. Bc4 d5 7. exd5 Bg4 8.
Nbd2 O-O 9. c3 Nxf3+ 10. Nxf3 h6 11. h3 Bh5 12. g4 Nxg4 13. hxg4 Bxg4 14. Be3
Bd6 15. Kg2 f5 16. Qb3 f4 17. Bd2 Bh3+ 18. Kxh3 Qd7+ 19. Kh2 Rf5 20. Rg1 Rh5+
0-1

[Event "AUTO-OPEN-4612"]
[Site "http://www.queenalice.com/game.php?id=1865795"]
[Date "2025.11.19"]
[Round "2"]
[White "CCapivara"]
[Black "IranSilva"]
[Result "0-1"]
[WhiteElo "2294"]
[BlackElo "2232"]

1. e4 e5 2. Nf3 Nc6 3. Bb5 a6 4. Bxc6 dxc6 5. O-O Bg4 6. d3 f6 7. Be3 c5 8. Nbd2
Bd6 9. a4 Ne7 10. h3 Bh5 11. g4 Bf7 12. Nh4 g5 13. Nf5 Nxf5 14. gxf5 h5 15. c3
h4 16. d4 cxd4 17. cxd4 exd4 18. Bxd4 Qe7 19. Re1 Be5 20. Nf3 Bxd4 21. Qxd4 Bh5
22. e5 O-O 23. exf6 Qxf6 24. Qxf6 Rxf6 25. Nxg5 Rxf5 26. Ne4 Bf3 27. Nd2 Rg5+
28. Kf1 Bg2+ 29. Ke2 Bxh3 30. Kd1 Bd7 31. Kc2 Rf8 32. Rg1 Rxg1 33. Rxg1+ Kh7 34.
Ne4 Kh6 35. b3 Rf4 36. Re1 Bf5 37. Kd3 h3 38. f3 Rxf3+ 39. Kd4 Rf4 40. Ke5 Rxe4+
0-1

[Event "AUTO-MASTER-3272"]
[Site "http://www.queenalice.com/game.php?id=1865952"]
[Date "2025.11.21"]
[Round "2"]
[White "cerenzo72"]
[Black "CCapivara"]
[Result "1-0"]
[WhiteElo "2125"]
[BlackElo "2280"]

1. c4 e5 2. g3 d6 3. Bg2 f5 4. e3 Nf6 5. d3 c6 6. Nc3 Be7 7. Nge2 O-O 8. O-O Be6
9. b4 d5 10. cxd5 Nxd5 11. Bb2 Nd7 12. a3 Qe8 13. Rc1 Qh5 14. Nxd5 Bxd5 15.
Bxd5+ cxd5 16. Rc7 Rad8 17. Rxb7 Bd6 18. Rxa7 Nf6 19. Kg2 f4 20. exf4 exf4 21.
Nxf4 Bxf4 22. Qxh5 Nxh5 23. gxf4 Nxf4+ 24. Kh1 Rf7 25. Rxf7 Kxf7 26. Rd1 Rc8 27.
Rd2 g6 28. a4 Ke6 29. a5 Rb8 30. Ba3 Ke5 31. Bb2+ d4 32. Ba3 Kd5 33. h4 Kc6 34.
Kh2 Kb5 35. Kg3 Nd5 36. Rd1 Nxb4 37. Bxb4 Ra8 38. Rb1 1-0

[Event "AUTO-MASTER-3272"]
[Site "http://www.queenalice.com/game.php?id=1865953"]
[Date "2025.11.21"]
[Round "2"]
[White "CCapivara"]
[Black "cerenzo72"]
[Result "1-0"]
[WhiteElo "2286"]
[BlackElo "2140"]

1. e4 e5 2. Nf3 d6 3. Bc4 Be7 4. O-O Nf6 5. d3 Bg4 6. Bg5 Nbd7 7. Nbd2 O-O 8. h3
Bh5 9. Qc1 c6 10. a4 d5 11. exd5 cxd5 12. Ba2 e4 13. dxe4 Nxe4 14. Bxe7 Qxe7 15.
Bxd5 Nxd2 16. Nxd2 Nf6 17. Bb3 Rad8 18. Re1 Qd6 19. Ne4 Nxe4 20. Rxe4 Qg6 21.
Qe3 b6 22. Re1 h6 23. g4 Kh7 24. Kh1 f5 25. Re6 1-0